Statistiques concernant Mots cachés n°1

Cliquez ici pour prendre le quiz!

Statistiques générales

  • Ce quiz a été pris 735 fois
  • Le résultat moyen est 22 sur 25

Statistiques - réponses

QuestionTuileSelect% Correct
quiz, pays et pizza.GNon
99%
quiz, pays et pizza.KNon
99%
quiz, pays et pizza.MNon
99%
quiz, pays et pizza.ONon
99%
quiz, pays et pizza.RNon
99%
quiz, pays et pizza.LNon
97%
quiz, pays et pizza.ZOui
91%
quiz, pays et pizza.UNon
90%
quiz, pays et pizza.SOui
88%
quiz, pays et pizza.YNon
88%
quiz, pays et pizza.QOui
87%
quiz, pays et pizza.ZOui
87%
quiz, pays et pizza.ANon
86%
quiz, pays et pizza.ANon
85%
quiz, pays et pizza.IOui
84%
quiz, pays et pizza.AOui
83%
quiz, pays et pizza.POui
83%
quiz, pays et pizza.INon
81%
quiz, pays et pizza.IOui
81%
quiz, pays et pizza.PNon
80%
quiz, pays et pizza.POui
79%
quiz, pays et pizza.UOui
79%
quiz, pays et pizza.YOui
79%
quiz, pays et pizza.ZNon
78%
quiz, pays et pizza.AOui
73%

Distribution des résultats

Percentile par nombre de réponses

% des personnes avec chaque résultat

Votre développement - résultats

Vous n’avez pas pris ce quiz